Avoiding Armageddon ; America, India, and Pakistan to the brink and back (Record no. 322948)
[ view plain ]
| 000 -LEADER | |
|---|---|
| fixed length control field | 00431 a2200133 4500 |
| 001 - CONTROL NUMBER | |
| control field | 87875 |
| 003 - CONTROL NUMBER IDENTIFIER | |
| control field | NUST |
| 082 ## - DEWEY DECIMAL CLASSIFICATION NUMBER | |
| Classification number | 327.73054 RIE |
| 100 ## - MAIN ENTRY--PERSONAL NAME | |
| Personal name | Riedel Brouce |
| 9 (RLIN) | 9722 |
| 245 ## - TITLE STATEMENT | |
| Title | Avoiding Armageddon ; America, India, and Pakistan to the brink and back |
| Medium | English |
| 260 ## - PUBLICATION, DISTRIBUTION, ETC. | |
| Place of publication, distribution, etc. | India |
| Name of publisher, distributor, etc. | Harper Collins |
| Date of publication, distribution, etc. | 2013 |
| 300 ## - PHYSICAL DESCRIPTION | |
| Extent | xvi, 230 p. |
| 740 ## - ADDED ENTRY--UNCONTROLLED RELATED/ANALYTICAL TITLE | |
| Uncontrolled related/analytical title | Bush Musharraf and Sonia; From crisis to crisis- Bush and Clinton |
| 942 ## - ADDED ENTRY ELEMENTS (KOHA) | |
| Institution code [OBSOLETE] | CAE NUST |
| Koha item type | Book |
| Call number prefix | 327.73054 RIE |
| Source of classification or shelving scheme | |
| Withdrawn status | Lost status | Damaged status | Not for loan | Collection code | Permanent Location | Current Location | Date acquired | Total Checkouts | Full call number | Barcode | Date last seen | Price effective from | Koha item type |
|---|---|---|---|---|---|---|---|---|---|---|---|---|---|
| College of Aeronautical Engineering (CAE) | College of Aeronautical Engineering (CAE) | 04/03/2017 | 327.73054 RIE | CAE85954 | 04/05/2017 | 04/05/2017 | Book | ||||||
| College of Aeronautical Engineering (CAE) | College of Aeronautical Engineering (CAE) | 04/03/2017 | 327.73054 RIE | CAE87900 | 04/05/2017 | 04/05/2017 | Book |
